Puškin i literatura narodov SSSR

Bibliographic Details
Main Author: Ajvazjan, Kazar Vartanovič (Author)
Format: Book
Language:Russian
PhysicalDescription:517, [3] s. 8°
Published: Jerevan Jerevan. universitet 1975
Subjects:

MARC

LEADER 00000cam a2200000 a 4500
001 vtls001260732
003 SK-MaSNL
005 20260301234500.0
008 240314s1975 ai 00000 rus
035 |a SNK000211583 
040 |a SNK  |b slo  |c SNK  |e AACR2 
041 0 |a rus 
044 |a ai  |c AM 
100 1 |a Ajvazjan, Kazar Vartanovič  |4 aut  |9 454474 
245 1 0 |a Puškin i literatura narodov SSSR  |c Sost. K. V. Ajvazjan 
260 |a Jerevan  |b Jerevan. universitet  |c 1975 
300 |a 517, [3] s.  |c 8° 
600 1 7 |a Puškin, Aleksandr Sergejevič,  |d 1799-1837  |2 SNKMA  |9 16675 
650 0 7 |a literatúra  |2 SNKPH  |9 1427 
651 7 |a Sovietsky zväz  |2 SNKPHgeo  |9 22126 
655 7 |a monografie  |2 SNKPH  |9 70139 
958 |a RK 
958 |a OND 
999 |c 970222  |d 972152 
952 |a SNK  |b SNK  |y VYP  |7 0  |p 17A1152228  |o snkIC 69298  |i snkZK 434/77  |8 4  |3 Rekatalogizácia  |0 0  |1 0  |4 0  |d 1996-05-30  |l 0  |r 2005-01-01 00:00:00  |w 2026-02-24